<?xml version="1.0" encoding="UTF-8"?>
<collection xmlns="http://www.loc.gov/MARC21/slim">
 <record>
  <leader>01150nam a22002535a 4500</leader>
  <controlfield tag="001">CEM.cems013782</controlfield>
  <controlfield tag="008">130507s2006##################000#0#####d</controlfield>
  <controlfield tag="005">20221006094139.0</controlfield>
  <datafield tag="245" ind1="1" ind2="0">
   <subfield code="a">Ojos amarillos /</subfield>
   <subfield code="c">Ricardo Mariño ; ilustrado Por Sandra Lavandeira</subfield>
  </datafield>
  <datafield tag="250" ind1=" " ind2=" ">
   <subfield code="a">2a. ed. 2a. reimp.</subfield>
  </datafield>
  <datafield tag="260" ind1=" " ind2=" ">
   <subfield code="a">Buenos Aires :</subfield>
   <subfield code="b">Alfaguara,</subfield>
   <subfield code="c">2006</subfield>
  </datafield>
  <datafield tag="300" ind1=" " ind2=" ">
   <subfield code="a">83 p.</subfield>
  </datafield>
  <datafield tag="490" ind1="0" ind2=" ">
   <subfield code="a">Alfaguara Juvenil. Serie Azul</subfield>
  </datafield>
  <datafield tag="505" ind1="0" ind2=" ">
   <subfield code="a">Cierta noche, todos los habitantes de un pueblo tienen la misma pesadilla. Un experto en asuntos sobrenaturales descubre que el fenómeno es obra de fuerzas demoníacas. La víctima de esta historia de derivaciones inesperadas es un chico. Un libro de misterio que requiere de lectores con coraje.</subfield>
  </datafield>
  <datafield tag="020" ind1=" " ind2=" ">
   <subfield code="a">9789870403180</subfield>
  </datafield>
  <datafield tag="100" ind1="1" ind2=" ">
   <subfield code="a">Mariño, Ricardo</subfield>
  </datafield>
  <datafield tag="700" ind1="1" ind2=" ">
   <subfield code="a">Lavandeira, Sandra, ilus</subfield>
  </datafield>
  <datafield tag="082" ind1="0" ind2="4">
   <subfield code="a">A863.4</subfield>
  </datafield>
  <datafield tag="653" ind1=" " ind2=" ">
   <subfield code="a">Litertura argentina</subfield>
  </datafield>
  <datafield tag="653" ind1=" " ind2=" ">
   <subfield code="a">Novela</subfield>
  </datafield>
  <datafield tag="653" ind1=" " ind2=" ">
   <subfield code="a">Novela juvenil</subfield>
  </datafield>
  <datafield tag="859" ind1=" " ind2=" ">
   <subfield code="a">CEMS</subfield>
   <subfield code="b">BIB. CEMS - Inicial y Primaria</subfield>
   <subfield code="h">A863.4</subfield>
   <subfield code="i">M339-4</subfield>
   <subfield code="k">IP</subfield>
   <subfield code="p">3841</subfield>
   <subfield code="t">Ej.1</subfield>
  </datafield>
  <datafield tag="859" ind1=" " ind2=" ">
   <subfield code="a">CEMS</subfield>
   <subfield code="b">BIB. CEMS - 11 de abril</subfield>
   <subfield code="h">A863.4</subfield>
   <subfield code="i">M339-6</subfield>
   <subfield code="p">26539.12</subfield>
   <subfield code="t">Ej.1</subfield>
  </datafield>
  <datafield tag="859" ind1=" " ind2=" ">
   <subfield code="a">CEMS</subfield>
   <subfield code="b">BIB. CEMS - Inicial y Primaria</subfield>
   <subfield code="h">A863.4</subfield>
   <subfield code="i">M339-4</subfield>
   <subfield code="k">IP</subfield>
   <subfield code="p">2089</subfield>
   <subfield code="t">Ej.2</subfield>
  </datafield>
 </record>
</collection>
